[Event "KNSB Meesterklasse 2011/12"]
[Site "?"]
[Date "2011.11.26"]
[Round "3"]
[White "Kunin, Vitali"]
[Black "Sprenger, Jan"]
[Result "0-1"]
[Annotator "Grooten,Herman"]
[BlackElo "2516"]
[EventDate "2011.??.??"]
[PlyCount "90"]
[WhiteElo "2559"]

1. d4 d5 2. c4 dxc4 3. Nf3 Nf6 4. Qa4+ { Hier was ik al out of book. Na een
kwartier verspilld te hebben besloot ik de transpositie naar de Slavische
verdediging te ontwijken  ( 4. ...c6 )  en een natuurlijke opstelling te
kiezen.}  4... Nbd7 5. Qxc4 e6 6. Nc3 $6 { Dit oogt vreemd als de dame al op c4
staat. Natuurlijker vind ik 6. g3, met transpositie naar Katalanisch en
misschien een klein plusje.}  6... c5 7. Bg5 a6 $1 { Neemt het enige actieve
idee van wit, namelijk Pb5, uit de stelling. Er dreigt nu b7-b5.}  8. Rd1 $6 (
8. dxc5 { Wit zou in mijn optiek de pion op c5 moeten ruilen:}  8... Bxc5 9. e3
( 9. Ne4 $5)9... b5 10. Qb3 Bb7 11. Be2 $11 { hoewel ik ook hier liever zwart
had.}  )8... b5 9. Qb3 c4 $1 { Anders doet wit alsnog dc5: en er is weinig aan
de hand.}  10. Qc2 Bb7 11. a3 Qa5 12. Bd2 { Anders lukt e2-e4 niet.}  12... Qc7
13. e4 { Diagramm #}  13... e5 $2 { De makkelijkste weg naar voordeel bestond
in het simpele idee de drukte tegen e4 te verhogen en e5 af te dwingen.
Bijvoorbeeld:}  ( 13... Bc6 $5)( 13... Qc6 14. e5 Ne4 15. Be2 Be7 $15 { Zwart
heeft een effectieve blokkade en druk op de lange diagonaal.}  )14. d5 { Nu is
de Bb7 redelijk buiten spel. Toen ik deze overgang toeliet hoopte ik op Bc5,
0-0, Nf6-e8-d6  ( blokkade ) , a6-a5 en b5-b4 met aanval op de damenvleugel.
Inderdaad is zwart sneller dan wit op de koningsvleugel, maar omdat zijn aanval
niet voldoende onderbouwd is, kan wit hem effectief verstoren en inmiddels het
zwarte centrum aanvallen.}  ( 14. dxe5 Nxe5 { is prettig voor zwart.}  )14...
Bc5 $6 ( 14... Nc5 15. Be2 Nb3 16. Be3 Bd6 17. O-O O-O { is absoluut oké voor
zwart, maar ik was te optimistisch en ging verder de mist in. Helaas had ik in
de opening te veel tijd verbruikt, en dat probeerde ik nu door snelle zetten te
compenseren.}  )15. Be2 O-O 16. O-O Ne8 17. Nh4 ( 17. b3 $5)17... Nd6 18. Kh1
a5 $2 { Diagramm # Deze zet is nu echt slecht. Zwart ruilt zijn majoriteit
tegen twee zwakke, geisoleerde pionnen in.}  ( 18... Qd8 19. g3 a5 20. a4 b4
21. Nb5 b3 22. Qb1 Nb6 $13 )19. a4 $1 bxa4 ( 19... b4 20. Nb5 Nxb5 21. axb5 {
verliest een pion.}  )20. Nxa4 Bb4 21. Be3 { Natuurlijk wil wit niet de
zwartveldige lopers ruilen.}  21... Rac8 { Misschien/ waarschijnlijk zijn hier
betere zetten, maar het is moeilijk om een overtuigende voortzetting te
vinden.}  ( 21... Nc5 $5 22. Bxc5 Bxc5 23. b3 Rfc8 24. bxc4 $16 )22. f4 Rfe8 $6
( 22... exf4 23. Bxf4 Rfe8 24. Nf3 $36 )( 22... f6 $5 { is misschie n het
minste kwaad, het zou kunnen dat ik te bang was voor een verzwakking van e6.}
)23. Bg4 $1 ( 23. Nf3 f6 24. fxe5 Nxe5 ( 24... fxe5 25. Ng5 Nf8 26. Nb6 Rb8 27.
Nxc4 Rbc8 28. b3 a4 29. Rc1 $16 )25. Nd4 Qf7 { en zwart doet mee, op Ne6 kan
hij zonder meer een kwaliteit geven.}  )23... Rb8 { Diagramm # Het Nb6-motief
creeërt anders te veel problemen.}  24. Bxd7 ( 24. Nf3 $5 { verwierp Kunin
vanwege}  24... Nf6 { maar misschien ten onrechte:}  25. fxe5 ( 25. Bh3 Ndxe4
26. fxe5 Nxd5 27. Qxe4 Nc3 $132 )25... Nxg4 26. Bb6 Qe7 27. exd6 Bxd6 28. Qxc4
$16 { Omdat de taktieken voor wit werken is de zwarte compensatie vaag:}  28...
Rbc8 ( 28... Qxe4 $4 29. Rd4 $18 )( 28... Nxh2 29. Nxh2 Qh4 30. Bg1 Rxe4 31.
Qb5 Rxa4 ( 31... Rb4 32. Qd7 ) 32. Qd7 Be7 33. Bf2 $18 )29. Qb5 )24... Qxd7 25.
fxe5 ( 25. Nf3 exf4 ( 25... Nxe4 $5 26. Nxe5 ( 26. Qxe4 exf4 27. Qxf4 Qxa4 )
26... Qf5 27. Qxc4 { is een solide pluspion, hoewel zwart wat tegenspel heeft.}
 )26. Bxf4 f6 27. Nb6 Qg4 28. Bxd6 Bxd6 $14 29. Nxc4 Rec8 ( 29... Rbc8 $2 30.
Qb3 a4 31. Qb5 $1 $18 )30. b3 Ba6 $14 { is ook voordeel voor wit, maar de
partij is geforceerder.}  )25... Rxe5 26. Bf4 Rh5 { Diagramm #}  ( 26... Ree8
27. e5 { mag zwart niet toelaten.}  )27. Nf3 $2 { Na een goede partij gespeeld
te hebben mist wit, inmiddels met even weinig tijd als zwart  ( iets meer dan
1' per zet ) , een uitstekende winstkans.}  ( 27. Nf5 { Deze zet dwingt zwart
tot radicale maatregelen:}  27... Nxf5 $5 ( 27... Re8 28. Nb6 Qc7 29. Qf2 $16 {
is heel erg goed voor wit.}  )28. Bxb8 Bd6 ( 28... Ne3 29. Qe2 Nxf1 30. Qxh5
Ne3 31. Ra1 Nc2 32. Rf1 $1 Ne3 33. Rf3 g6 34. Nb6 $18 )29. Rxf5 Rxh2+ 30. Kg1
Bxb8 { Hier stopte ik met het rekenen "op hoog van zegen"  ( we hadden allebei
niet veel meer dan 1' per zet over ) . Maar helaas beschikt wit over}  31. d6
$1 ( 31. Nc5 Qe7 32. Nxb7 Qh4 33. Kf1 Qg4 $1 $19 { Wit kan Rh1 en Bb8-a7-e3
niet allebei tegenhouden.}  ( 33... Rh1+ 34. Ke2 Qg4+ 35. Kd2 Bf4+ 36. Kc3 Rxd1
37. Rxf4 $18 ) )( 31. Nc3 Rh6 $132 )31... Bxd6 32. Rxd6 $1 ( 32. Nc5 Rxg2+ 33.
Kxg2 Qxf5 34. Rxd6 Qg4+ 35. Kf1 Qf4+ 36. Ke1 Qxd6 37. Nxb7 $13 )32... Qxd6 33.
Qxc4 Qe6 ( 33... Kh8 { werkt helaas niet:}  34. Qxf7 ( 34. Rxf7 Rh4 35. Rxb7
Qd1+ 36. Kf2 Qd2+ $11 ) 34... Rxg2+ 35. Kxg2 Bxe4+ 36. Kh3 Qd3+ ( 36... Bxf5+
37. Qxf5 $18 ) 37. Kh2 Qd6+ 38. Rf4 Qd2+ 39. Rf2 Qh6+ 40. Kg3 Qg5+ 41. Kh3 Qh6+
$140 42. Kg4 )34. Qxe6 fxe6 35. Rb5 Bc6 36. Rc5 Rh4 ( 36... Rxg2+ 37. Kxg2 Bxa4
38. Rxa5 $18 )37. Rxc6 Rxe4 38. Nc5 Rb4 39. b3 Kf7 $16 { en zwart heeft nog
praktische remisekansen.}  )27... Re8 28. e5 Qg4 29. Nd4 $2 { Nu eist de
beginnende tijdnood zijn tribuut op, en wit raakt de draad volledig kwijt.}  (
29. Qc1 { was beter, echter lijkt het witte voordeel niet groot:}  29... Nf5
30. h3 Qg6 31. Rf2 Ng3+ 32. Kh2 Ne4 $132 )29... Nf5 $2 { Ik zag het idee g7-g5
pas op het moment dat ik eigenlijk besloten had om Nf5 te spelen. Opnieuw heeft
mijn rekenalgoritme dus niet goed uitgepakt. 29. . ..g5 leek me gunstig, maar
met 10 minuten op de klok, en zonder een weerlegging van Nf5 te hebben gezien
besloot ik de zet niet nader te onderzoeken want hij is wel erg verplichtend.
Jammer, want zwart zou na g5 heel goed staan.}  ( 29... g5 $1 30. exd6 gxf4 {
en wit staat slecht, bijvoorbeeld}  31. Nc3 ( 31. Nb6 Bxd6 32. Nxc4 Rxd5 )31...
Bxc3 32. bxc3 Bxd5 $40 )( 29... Rhxe5 30. Bxe5 Rxe5 31. Nf3 $13 )30. Nxf5 ( 30.
Qxc4 $2 { is slecht vanwege}  30... Rxe5 $1 { ( had ik niet gezien )}  31. Bxe5
Ne3 32. Qe2 Qxe2 33. Nxe2 Rxe5 $17 )30... Rxf5 31. Qxc4 $2 ( { Veel beter is }
31. h3 Qg6 ( 31... Qh5 $5 32. Qxc4 Ba6 33. Qxa6 Rxf4 34. d6 $36 )32. Rf2 $1 {
met het idee g2-g4, wat net niet kon vanwege Rf4:. Zwart moet nu nauwkeurig
verdedigen:}  ( 32. g4 $2 Rxf4 33. Qxg6 Rxf1+ 34. Rxf1 hxg6 $19 )( 32. Qxc4 Ba6
)32... h5 $1 ( 32... f6 $5 { is verleidelijk, maar wit heeft}  33. d6 $1 ( 33.
g4 Rfxe5 { geeft voldoende compensatie:}  34. Bxe5 Qxc2 35. Rxc2 Rxe5 36. Nb6
Bc5 37. Nxc4 Bxd5+ 38. Kh2 Bxc4 39. Rxc4 $11 ) 33... fxe5 34. d7 Rd8 35. Qxc4+
Qf7 36. Qc7 Be7 37. Qxb7 Rxf4 38. Rxf4 exf4 39. Qc6 $16 )33. Nc3 Bc5 34. Be3 $5
Bxe3 35. Qxf5 Bxf2 36. Qxf2 Rxe5 $13 )31... Rfxe5 $36 { Diagramm # Zwart heeft
inmiddels een solide positioneel voordeel, gebaseerd op de gunstige eindspelen 
( loperpaar, slecht paard op a4 ) . Bovendien dreigt hij actief te worden met
Re2.}  32. h3 ( 32. Qb5 Qe2 $1 ( 32... Re2 33. Bg3 R8e7 34. Nc5 $132 )33. Qxe2
( 33. Qxb7 Qxd1 )33... Rxe2 { leidt ook tot een heel goed eindspel voor zawrt.}
 )32... Qe2 33. b3 $2 { Een blunder in tijdnood.}  ( 33. Qxe2 Rxe2 $36 { te
moeten keepen is ook geen feest, maar in ieder geval beter dan de partij.} 
)33... Rxd5 $1 $19 { Het is al afgelopen: wit verliest materiaal.}  34. Rxd5
Bxd5 35. Qxe2 ( 35. Qxd5 Qxf1+ { was de pointe van Rd5:.}  )35... Rxe2 36. Rd1
Bxg2+ 37. Kg1 h6 38. h4 Bc6 39. Bd6 Bxd6 40. Rxd6 Bxa4 41. bxa4 Re4 42. h5 Rxa4
43. Rd5 Rg4+ 44. Kf2 Rg5 45. Rd8+ Kh7 { Een ingewikkelde partij met een groot
aantal verborgen tactische mogelijkheden, en met een niet onbelangrijke rol van
stellingsgeluk. In dat soort stellingen wint vaak niet de betere speler, maar
diegene diens keuzes beperkter zijn, omdat de tegenstander veel energie en tijd
in de evaluatie van een hoop van opties moet steken. Dat maakt het moeilijk om
de gang van zaken nog eens te veranderen als de partij dreigt te kantelen. Het
cruciale moment in deze partij was waarschijnlijk het gemiste 27. Nf5! De
kwaliteit van Kunins spel, die tussen zet 14 en 26 uitstekend was, viel daarna
af, en de witte stelling stortte verrassend snel in. Voor mezelf bleef de rol
over om het punt op te pakken terwijl ik niet de indruk had bijzonder briljant
gespeeld te hebben.}   0-1